008030000a22002530004500003001100000008004100011020001500052040003900067041000800106082001300114245003500127260004300162300001000205650005200215650003800267650002600305650004000331650002500371650001900396700002600415942000700441952008800448999001300536LK-CoMWRAF230817t ||||| |||| 00| 0 eng d a9558095753 aLK-CoMWRAFdLK-CoMWRAFeLK-CoMWRAF aeng a770bKEL aEconomic Policy in Sri Lankab bVijitha YapaaSri Lanka(Colombo)c2004 ap.522 aAgriculture,Industry and Technology Development aDevelopment Strategy and Ideology aEmployment and Labour aInstitutional and Governance Issues aMacroeconomic Policy aSocial Welfare aKelegama,, Samaneed. cBK 00104070aMAINbMAINd2023-08-17l0o770 KELpRAF4153r2023-08-17w2023-08-17yBK c815d815